Techniki Hissatsu inazuma japan (po angielsku) - Statystyki

Ogólne statystyki
  • Ten quiz został rozwiązany 95 razy
  • Średni wynik to 12 z 44
Statystyki odpowiedzi
kto wykonywał technikę nazwa techniki % Poprawnych
Mark Evans God Hand
95%
Daren LaChance God hand
95%
Axel Blaze Fire tornado
65%
Jack Wallside The wall
45%
Xavier Foster Meteor blade
40%
Mark Evans God catch
38%
Jack Wallside The Mountain
38%
Jordan Greenway Astro break
37%
Mark Evans Fist of justice
35%
Jude Sharp Illusion ball
35%
Axel/Austin Tiger storm
35%
Shawn/Axel Cross fire
30%
Axel/Austin/Xavier Grand Fire
30%
Shawn Frost Snow Angel
30%
Austin Hobbes Tiger drive
28%
Harley Kene Tsunami Boost
28%
Mark Evans Ijigen The Hand
25%
Mark/Axel/Austin Jet stream
25%
Jude/David Twin Boost
25%
Xavier/Jude/Shawn Big Bang
23%
Kevin Dragonfly Dragon slayer
23%
Mark Evans Megaton Head
22%
Daren LaChance Mugen the hand
22%
Shawn/Xavier The Birth
22%
Mark Evans Hammer of wrath
20%
Nathan/Shawn The Hurricane
20%
Thor/Shawn Thunder beast
20%
Harley Kene the Typhoon
18%
Shawn Frost Wolf Legend
18%
Cale/Jude/David emperor penguin number 3
17%
Austin Hobbes Gladius arch
17%
Harley Kene The tube
17%
Axel Blaze Bakunetsu Storm
15%
Caleb/Jude Killer Fields
15%
Axel Blaze Bakunetsu Screw
13%
Daren LaChance Maou The hand
13%
Scott Banyan whirlwind force
12%
Xavier Foster Celestial Smash
10%
Archer Hawkins Vac attack
10%
Nathan Swift Dance Of the wind god
8%
Thor Stoutberg Blade attack
7%
Austin Hobbes RC shot
7%
Nathan/Jack Tornado Drop
7%
Jordan Greenway Lightning Accel
5%
Nie znaleziono quizów pasujących do podanych kryteriów
Rozkład punktacji
Procent ludzi z każdym wynikiem
Percentyl według liczby udzielonych odpowiedzi
Twoja historia wyników
Nie rozwiązałeś tego quizu